000 00564nam a2200217 a 4500
001 0001-1948
003 ELIB.Books
008 190118 2010 eng
020 _a0687010349
092 _a259.23 Tri
_bTri
100 _aTrimmer, Edward A.
245 _aYouth Ministry Handbook
260 _aNashville
_bAbingdon Press
_c1994
300 _a165
_c20.5 cm
650 _aChurch work with Youth
856 _nKBTS Library
_uKBTS Elib
942 _2ddc
_cBK
990 _a2
998 _aEnglishbooks.elf
_ccat
_e2019-01-18
999 _c11948
_d11948